000 00759cam a2200229u 4500
001 28033
003 BD-RjUL
005 20211209051230.0
008 140329s1967 pk 000 0 eng
035 _a(BD-RjUL)28114
040 _aDLC
_cCarP
_dDLC
_beng
041 _aeng
082 _a343.09547
_bPAK 1967
110 1 _aPakistan.
_kLaws, statutes, etc. [from old catalog]
_9128851
245 1 4 _aThe Pakistan penal code (XLV of 1860) as modified up to the 6th August, 1966 /
260 _aKarachi :
_bManager of Publications,
_c1967.
300 _a2, ii, 166 p. ;
_c25 cm.
650 0 _aCriminal law
_zPakistan.
_985966
710 1 _aPakistan.
_bLaw Division. [from old catalog]
_985967
942 _2ddc
_cBK
999 _c28033
_d28033